Central Library OPAC University of Rajshahi

প্রকৃত সুখের সন্ধান : (Record no. 40567)

MARC details
000 -LEADER
fixed length control field 00847nam a2200229 a 4500
001 - CONTROL NUMBER
control field 40567
003 - CONTROL NUMBER IDENTIFIER
rucl marc code BD-RjUL
005 - DATE AND TIME OF LATEST TRANSACTION
control field 20211209053236.0
008 - FIXED-LENGTH DATA ELEMENTS--GENERAL INFORMATION
fixed length control field 160504s1976 bg ||||| |||| 00| 0 ben d
020 ## - INTERNATIONAL STANDARD BOOK NUMBER
Terms of availability : TK.3.50
035 ## - SYSTEM CONTROL NUMBER
System control number (BD-RjUL)40682
040 ## - CATALOGING SOURCE
Original cataloging agency BD-RjUL
Language of cataloging ben
Transcribing agency BD-RjUL
041 ## - LANGUAGE CODE
Language code of text/sound track or separate title ben
082 ## - DEWEY DECIMAL CLASSIFICATION NUMBER
Edition number 23
Classification number 297
Author mark and year KHP 1976
100 ## - MAIN ENTRY--PERSONAL NAME
Personal name খান, মো : আবদুল করিম
9 (RLIN) 124854
245 10 - TITLE STATEMENT
Title প্রকৃত সুখের সন্ধান :
Remainder of title "ফিলোছফি বা দর্শন তত্ব" /
Statement of responsibility, etc. মো : আবদুল করিম খান
260 ## - PUBLICATION, DISTRIBUTION, ETC. (IMPRINT)
Place of publication, distribution, etc. রাজশাহী :
Name of publisher, distributor, etc. মো : আবদুল করিম খান,
Date of publication, distribution, etc. ১৯৭৬
300 ## - PHYSICAL DESCRIPTION
Pagination [১২], ১৩৪ পৃ. ;
Size ১৯ সেমি.
650 ## - SUBJECT ADDED ENTRY--TOPICAL TERM
Topical term or geographic name as entry element ইসলাম
9 (RLIN) 124855
Topical term or geographic name as entry element Islam
9 (RLIN) 124856
942 ## - ADDED ENTRY ELEMENTS (KOHA)
Source of classification or shelving scheme Dewey Decimal Classification
Koha item type Books
Holdings
Lost status Source of classification or shelving scheme Damaged status Not for loan Collection code Permanent Location Current Location Shelving location Date acquired Source of acquisition Cost, normal purchase price Total Checkouts Full call number Date last seen Copy number Koha item type
  Dewey Decimal Classification     Non-fiction Central Library, University of Rajshahi Central Library, University of Rajshahi   03/07/1976 Author 3.50   B 297 KHP 1976 04/05/2016 C-2 Books
  Dewey Decimal Classification   Not For Loan Non-fiction Central Library, University of Rajshahi Central Library, University of Rajshahi Reading Room 03/07/1976 Karim International 3.50   B 297 KHP 1976 06/12/2016 C-1 Books
  Dewey Decimal Classification     Non-fiction Central Library, University of Rajshahi Central Library, University of Rajshahi   03/07/1976 Karim Khan, 3.50   B 297 KHP 1976 16/01/2017 C-3 Books